| 000 | 00469nam a2200181Ia 4500 | ||
|---|---|---|---|
| 001 | 24548 | ||
| 005 | 20260414151051.0 | ||
| 008 | 260414t2000||||xx |||||||||||||| ||spa|| | ||
| 041 | _aESP | ||
| 082 |
_a345.72 _bO74 |
||
| 100 |
_aOrtiz Nishihara, Freddy _eAUT |
||
| 245 | 0 |
_aLa conciliación extrajudicial en el Perú : _b teoría y práctica |
|
| 260 | _c2000 | ||
| 300 |
_a209 páginas : _c21 cm. |
||
| 650 | _aDER | ||
| 654 | _aCDE | ||
| 942 |
_cLIB _dJUS _fJUS _2ddc _n |
||
| 999 |
_c24548 _d24548 |
||